1304 1211 1908 1214 1412 1490 1175 1267 1881 1589 1410 1251 1428 1253 1533 1353 1612 1486 1830 1891 1493 1027 1907 1799 1750 1692 1908 1901 1294 1335 1125 1666 1252 1258 1852 1324 1529 1013 1647 1222 1199 1556 1858 1442 1610 1981 1466 1474 1798 1802 1881 1995 1478 1844 1820 1520 1981 1126 1532 1991 1346 1878 1617 1531 1083 1064 1458 1373 1066 1059 1283 1906 1655 1101 1601 1329 1063 1759 1558 1094 1622 1605 1217 1014 1194 1170 1654 1741 1108 1496 1935 1656 1031 1678 1704 1231 1931 1405 1815 BCNSPRNW ULIB Ver.6.0+V

เปลี่ยนเป็นภาษาไทย

Change to English
 แสดงรายละเอียดบรรณานุกรม
  กลับหน้าหลัก

Brief Record : Get Marc (ISO 2709) : E-mail record : QR code < ปิดหน้าต่าง
LEADER : 00000nam 2200000uu 4500
001    13399114633
003     ULIB
008    120424s2011||||th 000 0 eng d
020    ^a0073402281 (paperback)
020    ^a9780073402284 (paperback)
060    ^a WY100.4^bY54c
100 1  ^aMcGraw-Hill, Higher Education.
245 10 ^aCases for nursing simulation : ^ba student guide / ^cHigher Education McGraw-Hill, Jean Yockey, Larinda Dixon.
250    ^a1st ed.
260    ^a[S.l.] : ^bCareer Education, ^c2011.
300    ^a80 p. ; ^c27 cm.
650  7 ^a Nursing process
650  7 ^a Simulation^xnursing
700 1  ^aYockey, Jean.
700 1  ^aDixon, Larinda.
945    ^p0^l0^i031672
995    ^aKesorn
999 ^a ใช้งานได้ทุกระบบ
รายการนี้ยังไม่มีแท็ก
คุณยังไม่ได้ล็อกอิน คุณสามารถมีกิจกรรมร่วมกับเว็บไซต์ได้ แต่ต้องล็อกอินก่อน ::
  ล็อกอิน

รายการสื่อสารสนเทศ

ลำดับที่ ประเภท เลขเรียก/บาร์โค้ด สถานที่ สถานะ
- ไม่พบข้อมูล -

รายการใกล้เคียง
    หัวเรื่อง [Nursing process]

BibComment


ยังไม่เคยถูกคอมเมนท์

คอมเมนท์ทรัพยากรรายการนี้
  คอมเมนท์: Cases for nursin..


 Copyright 2026. Bcnsprnw @Library